000 00673nam a2200277Ia 4500
005 20260324123952.0
008 008 260324s9999 xx 000 0 eng d
020 _a9781003554516
037 _aEBOOK
040 _aCRL
040 _beng
040 _cCRL
041 _2eng
041 _aeng
084 _qCRL
100 _aJonathan Shepard
_91172348
245 0 _aEmergent Elites and Byzantium in the Balkans and East-Central Europe
260 _bTaylor and Francis
260 _c2011
365 _a
365 _b195
856 _uhttp://www.taylorfrancis.com/books/9781003554516
942 _cEBOOK
999 _c1766327
_d1766327